Movies Quiz

Random Movies or Letter Quiz

The 'G' Movies Quiz Stats

Quiz Updated Jan 14, 2017

Also try: The 'B' Movies
Challenge
Share
Tweet
Score 0/24 Timer 08:00
1 Play Today
% Correct
The Green Mile
93.6%
The Goonies
93.3%
The Great Gatsby
89.6%
The Godfather
87%
The Graduate
80.1%
The Girl with the Dragon Tattoo
77.8%
The Good, the Bad and the Ugly
76.3%
The Grand Budapest Hotel
66.9%
The Golden Compass
60.7%
The Green Hornet
59.2%
The Good Dinosaur
58.6%
The Great Escape
51.8%
% Correct
The Grudge
40.6%
The Grapes of Wrath
39.2%
The Grey
38.3%
The Gods Must Be Crazy
37.6%
The Gambler
37%
The Girl Next Door
33.2%
The Game
30.7%
The Guardian
26.2%
The Greatest Game Ever Played
23.1%
The Giver
21.5%
The Gold Rush
18.5%
The General
12%

You're not logged in!

Compare scores with friends on all Sporcle quizzes.
Sign Up with Email
OR
Log In

You Might Also Like...

Show Comments

Extras

Top Quizzes Today


Score Distribution

Your Account Isn't Verified!

In order to create a playlist on Sporcle, you need to verify the email address you used during registration. Go to your Sporcle Settings to finish the process.